Jude The Obscure (Record no. 7340)

MARC details
000 -LEADER
fixed length control field 00376nam a2200145 4500
020 ## - INTERNATIONAL STANDARD BOOK NUMBER
ISBN 9780140620603
050 ## - CALL NUMBER
Classification number PR4746
Item number .A1
100 ## - AUTHOR
Personal name Hardy Thomas
245 ## - TITLE
Title Jude The Obscure
Statement of responsibility, etc Thomas Hardy
260 ## - PUBLICATION INFORMATION
Place of publication London
Name of publisher Penguin Books
Year of publication 1994
300 ## - DESCRIPTION
Number of Pages xi. 489 pages :
Dimensions 20 cm
440 ## - SERIES
SERIES Penguin Popular Classics
650 ## - SUBJECTS
Topical Term English Language-- Literature
942 ## - ADDED ENTRY ELEMENTS (KOHA)
Koha item type Books
Holdings
Withdrawn status Lost status Collection code Home library Current library Shelving location Date acquired Full call number Accession Number Koha item type
    Reference Methodist University Library Main Methodist University Library Main General Stacks 27/04/2009 PR4746 .A1 24778 Books
    Reference Methodist University Library Main Methodist University Library Main General Stacks 27/04/2009 PR4746 .A1 24777 Books
Copyright © 2026  MUG Library